Podpora malého a stredného podnikania v štátoch Európskej únie diplomová práca

Na minha lista:
Detalhes bibliográficos
Autor principal: Gregor, Pavol
Autor Corporativo: Národohospodárska fakulta EU. Katedra financií
Formato: Livro
Idioma:eslovaco
Publicado em: Bratislava 2008
Tags: Adicionar Tag
Sem tags, seja o primeiro a adicionar uma tag!

MARC

LEADER 00000nam$a2200000$$$4500
001 0078813
005 20240201120009.4
041 0 |a slo 
044 |a SK 
245 1 0 |a Podpora malého a stredného podnikania v štátoch Európskej únie  |b diplomová práca  |c Pavol Gregor 
264 1 |a Bratislava  |c 2008 
300 |a 71 s. 
100 1 |a Gregor, Pavol 
710 2 |a Národohospodárska fakulta EU. Katedra financií